Development of an Aviation Disaster Management Framework of Pakistan at per with International Standard and Practice / (Record no. 536177)
[ view plain ]
| 000 -LEADER | |
|---|---|
| fixed length control field | 00631nam a22001577a 4500 |
| 082 ## - DEWEY DECIMAL CLASSIFICATION NUMBER | |
| Classification number | 200 |
| 100 ## - MAIN ENTRY--PERSONAL NAME | |
| Personal name | Yousaf, Muhammad Waseem |
| 245 ## - TITLE STATEMENT | |
| Title | Development of an Aviation Disaster Management Framework of Pakistan at per with International Standard and Practice / |
| Statement of responsibility, etc. | Muhammad Waseem Yousaf |
| 260 ## - PUBLICATION, DISTRIBUTION, ETC. | |
| Place of publication, distribution, etc. | Islamabad : |
| Name of publisher, distributor, etc. | MCE - NUST, |
| Date of publication, distribution, etc. | 2017. |
| 300 ## - PHYSICAL DESCRIPTION | |
| Extent | 140 p. ; |
| Dimensions | 30cm. |
| 650 ## - SUBJECT ADDED ENTRY--TOPICAL TERM | |
| Topical term or geographic name entry element | MS-Construction Engineering and Management |
| 700 ## - ADDED ENTRY--PERSONAL NAME | |
| Personal name | Supervisor: Dr. Nadeem Shahzad |
| 856 ## - Uniform Resource Identifier | |
| Uniform Resource Identifier | <a href="http://10.250.8.41:8080/xmlui/handle/123456789/11788">http://10.250.8.41:8080/xmlui/handle/123456789/11788</a> |
| 942 ## - ADDED ENTRY ELEMENTS (KOHA) | |
| Source of classification or shelving scheme | |
| Koha item type | Soft Copy |
| 650 ## - SUBJECT ADDED ENTRY--TOPICAL TERM | |
| -- | 126573 |
| 700 ## - ADDED ENTRY--PERSONAL NAME | |
| -- | 126710 |
| Withdrawn status | Lost status | Source of classification or shelving scheme | Damaged status | Not for loan | Permanent Location | Current Location | Shelving location | Date acquired | Full call number | Barcode | Date last seen | Price effective from | Koha item type |
|---|---|---|---|---|---|---|---|---|---|---|---|---|---|
| Central Library (CL) | Central Library (CL) | Thesis | 10/01/2020 | 200 | CL-T-6404 | 10/01/2020 | 10/01/2020 | Soft Copy |
